[Event "Mukachevo Summer op"]
[Site "Mukachevo"]
[Date "2013.06.27"]
[Round "4"]
[White "Mihalichenko, Vladimir"]
[Black "Kovalev, Denis"]
[Result "1/2-1/2"]
[WhiteElo "2393"]
[BlackElo "2508"]
[PlyCount "46"]
[EventDate "2013.06.25"]
[EventType "swiss"]
[EventRounds "9"]
[EventCountry "UKR"]
[SourceTitle "CBM 155 Extra"]
[Source "ChessBase"]
[SourceDate "2013.08.26"]
[SourceVersion "1"]
[SourceVersionDate "2013.08.26"]
[SourceQuality "1"]

1. d4 Nf6 2. c4 c6 3. Nc3 d5 4. cxd5 cxd5 5. Nf3 Nc6 6. Bf4 Bf5 7. e3 e6 8. Be2 Bd6 9. Bxd6 Qxd6 10. 0-0 h6 11. Rc1 0-0 12. a3 Rfc8 13. b4 Ne4 14. Nxe4 Bxe4 15. Qa4 Bxf3 16. Bxf3 a5 17. b5 Ne7 18. g3 Rc7 19. e4 b6 20. exd5 exd5 21. Rxc7 Qxc7 22. Re1 Rc8 23. Qb3 Qc3 1/2-1/2

[Event "Azov Don Cup"]
[Site "Azov"]
[Date "2010.07.18"]
[Round "7"]
[White "Kiselev, Vitaliy1111"]
[Black "Mihalichenko, Vladimir"]
[Result "1/2-1/2"]
[WhiteElo "2536"]
[BlackElo "2407"]
[PlyCount "76"]
[EventDate "2010.07.13"]
[EventType "tourn"]
[EventRounds "11"]
[EventCountry "RUS"]
[EventCategory "6"]
[SourceTitle "EXT 2011"]
[Source "ChessBase"]
[SourceDate "2010.11.26"]
[SourceVersion "1"]
[SourceVersionDate "2010.11.26"]
[SourceQuality "1"]

1. e4 c6 2. d4 d5 3. Nd2 dxe4 4. Nxe4 Bf5 5. Ng3 Bg6 6. Nf3 Nf6 7. h4 h6 8. Ne5 Bh7 9. Bd3 Bxd3 10. Qxd3 e6 11. Bd2 Be7 12. 0-0-0 Nbd7 13. f4 c5 14. Bc3 0-0 15. dxc5 Nxc5 16. Qe2 Qc7 17. Bd4 Rad8 18. Kb1 Rd5 19. Rhe1 Rfd8 20. c3 Nfd7 21. Nxd7 Nxd7 22. c4 Ra5 23. Nh5 g6 24. f5 Rxf5 25. Ng7 Rf6 26. Bxf6 Nxf6 27. Nxe6 Rxd1+ 28. Rxd1 fxe6 29. Qxe6+ Kg7 30. g4 g5 31. hxg5 hxg5 32. Re1 Bd6 33. Qf5 Bf4 34. a3 Kf7 35. Qe6+ Kg6 36. Qf5+ Kf7 37. Qe6+ Kg6 38. Qf5+ Kf7 1/2-1/2

[Event "Azov Don Cup"]
[Site "Azov"]
[Date "2010.07.15"]
[Round "4"]
[White "Mihalichenko, Vladimir"]
[Black "Yamnov, Dmitry"]
[Result "1-0"]
[WhiteElo "2407"]
[BlackElo "2150"]
[PlyCount "55"]
[EventDate "2010.07.13"]
[EventType "tourn"]
[EventRounds "11"]
[EventCountry "RUS"]
[EventCategory "6"]
[SourceTitle "EXT 2011"]
[Source "ChessBase"]
[SourceDate "2010.11.26"]
[SourceVersion "1"]
[SourceVersionDate "2010.11.26"]
[SourceQuality "1"]

1. e4 e5 2. Nf3 Nc6 3. Bb5 a6 4. Ba4 Nf6 5. 0-0 Be7 6. d3 b5 7. Bb3 0-0 8. a4 Bb7 9. Re1 Re8 10. c3 Bc5 11. Bd2 h6 12. Na3 Qb8 13. Nh4 d6 14. Qf3 b4 15. Nf5 Bc8 16. Nxh6+ Kh7 17. Bxf7 Rf8 18. Nc4 bxc3 19. bxc3 Kh8 20. d4 Bxd4 21. Bg5 Nh7 22. cxd4 Be6 23. Qh5 Bxf7 24. Nxf7+ Kg8 25. Nh6+ Kh8 26. dxe5 Qe8 27. Qh3 Nxe5 28. Nxe5 1-0

[Event "Evpatoria tt U20"]
[Site "Evpatoria"]
[Date "2006.05.06"]
[Round "4"]
[White "Grekh, Andrey"]
[Black "Mihalichenko, Vladimir"]
[Result "0-1"]
[WhiteElo "2390"]
[BlackElo "2293"]
[PlyCount "132"]
[EventDate "2006.05.05"]
[EventType "team"]
[EventRounds "7"]
[EventCountry "UKR"]
[SourceTitle "CBM 112 Extra"]
[Source "ChessBase"]
[SourceDate "2006.07.14"]
[SourceVersion "1"]
[SourceVersionDate "2006.07.14"]
[SourceQuality "1"]

1. e4 c5 2. c3 Nf6 3. e5 Nd5 4. d4 cxd4 5. Nf3 d6 6. cxd4 Nc6 7. Nc3 dxe5 8. dxe5 Nxc3 9. Qxd8+ Nxd8 10. bxc3 Nc6 11. Rb1 g6 12. Bb5 Bg7 13. Ba3 0-0 14. Bxc6 bxc6 15. 0-0 Re8 16. h3 Be6 17. Rb7 Bxa2 18. Bxe7 Bd5 19. Re1 a5 20. Nd2 Reb8 21. Rc7 Rb2 22. c4 Rxd2 23. cxd5 cxd5 24. Bg5 Rd4 25. Bf6 Re4 26. Rb1 a4 27. Rbb7 Rf8 28. f3 Rc4 29. Rd7 Bxf6 30. exf6 d4 31. Ra7 g5 32. Kf2 h6 33. Kg3 Kh7 34. f4 Kg6 35. fxg5 hxg5 36. Kf3 Kxf6 37. Ke4 Rc2 38. Rd6+ Kg7 39. g4 Rf2 40. Rxa4 Re8+ 41. Kd3 Re3+ 42. Kxd4 Rxh3 43. Rda6 Rf4+ 44. Kd5 Rhf3 45. Ke5 f6+ 46. Kd5 Kg6 47. Ra8 Rd3+ 48. Kc5 Rxa4 49. Rxa4 Kf7 50. Rd4 Re3 51. Kd5 f5 52. gxf5 Kf6 53. Rd1 Kxf5 54. Rf1+ Kg4 55. Kd4 Rf3 56. Ra1 Kf4 57. Ra8 g4 58. Rf8+ Kg3 59. Rg8 Rf7 60. Ke4 Kh3 61. Rh8+ Kg2 62. Rg8 g3 63. Ke3 Kh2 64. Rh8+ Kg1 65. Rg8 g2 66. Ra8 Rh7 0-1

[Event "Kharkov op"]
[Site "Kharkov"]
[Date "2004.07.14"]
[Round "6"]
[White "Mihalichenko, Vladimir"]
[Black "Khakimov, Timur"]
[Result "1/2-1/2"]
[WhiteElo "2306"]
[BlackElo "2227"]
[PlyCount "154"]
[EventDate "2004.07.08"]
[EventType "swiss"]
[EventRounds "9"]
[EventCountry "UKR"]
[SourceTitle "CBM 101 Extra"]
[Source "ChessBase"]
[SourceDate "2004.09.01"]
[SourceVersion "2"]
[SourceVersionDate "2004.09.01"]
[SourceQuality "1"]

1. e4 c5 2. Nf3 Nc6 3. d4 cxd4 4. Nxd4 Nf6 5. Nc3 e5 6. Ndb5 d6 7. Bg5 a6 8. Na3 b5 9. Nd5 Be7 10. Bxf6 Bxf6 11. c3 0-0 12. Nc2 Bg5 13. a4 bxa4 14. Rxa4 a5 15. Bb5 Bb7 16. Nce3 Bxe3 17. Nxe3 Ne7 18. 0-0 f5 19. exf5 Nxf5 20. Bc4+ Kh8 21. Nxf5 Rxf5 22. Bd5 Rb8 23. Qc2 g6 24. Bxb7 Rxb7 25. Rfa1 Qb6 26. b4 axb4 27. Rxb4 Qc6 28. Qb3 Rbf7 29. f3 Qc5+ 30. Kh1 Qf2 31. Qd5 Qe3 32. Rc4 e4 33. Qxe4 Qxe4 34. Rxe4 Rc5 35. Ra3 d5 36. Re8+ Kg7 37. h3 Rd7 38. Kh2 d4 39. cxd4 Rcd5 40. g4 Rxd4 41. Ree3 Rf4 42. Kg3 Rdf7 43. h4 h6 44. Ra5 Kh7 45. Kg2 Kg7 46. Ra6 g5 47. Ra5 gxh4 48. Rh5 R4f6 49. Rxh4 Rf4 50. Rh5 R4f6 51. Kg3 Kg6 52. Ra5 Rf4 53. Rb5 R4f6 54. Rb4 h5 55. gxh5+ Kxh5 56. Rh4+ Kg6 57. f4 Kg7 58. Re5 Rf5 59. Re4 R5f6 60. Rh1 Rh6 61. Rf1 Rhf6 62. Kf3 Rf5 63. Kg4 R7f6 64. Rd4 Rf7 65. Kf3 Rf8 66. Ke4 R8f6 67. Rd3 Kf7 68. Rh3 Ra5 69. Rh4 Ra4+ 70. Kf3 Ra3+ 71. Kf2 Ra4 72. Kg3 Rg6+ 73. Kf3 Ra3+ 74. Ke4 Re6+ 75. Kd5 Ra5+ 76. Kc4 Re4+ 77. Kd3 Raa4 1/2-1/2

[Event "UKR-ch"]
[Site "Simferopol"]
[Date "2003.11.05"]
[Round "2"]
[White "Zavgorodniy, Sergiy"]
[Black "Mihalichenko, Vladimir"]
[Result "1-0"]
[WhiteElo "2418"]
[BlackElo "2265"]
[PlyCount "63"]
[EventDate "2003.11.04"]
[EventType "swiss"]
[EventRounds "9"]
[EventCountry "UKR"]
[SourceTitle "CBM 097 Extra"]
[Source "ChessBase"]
[SourceDate "2004.01.13"]
[SourceVersion "1"]
[SourceVersionDate "2004.01.13"]
[SourceQuality "1"]

1. e4 c5 2. Nf3 d6 3. Bb5+ Nd7 4. d4 Ngf6 5. 0-0 a6 6. Bxd7+ Nxd7 7. Nc3 e6 8. dxc5 Nxc5 9. Be3 Be7 10. e5 d5 11. Nd4 0-0 12. Re1 Qc7 13. Qh5 g6 14. Qh6 Re8 15. Bg5 Bf8 16. Qh4 b5 17. a3 Bb7 18. Re3 Ne4 19. Nxe4 dxe4 20. Rh3 h5 21. Bf6 Bh6 22. c3 Red8 23. Bxd8 Rxd8 24. Re1 Bg7 25. f4 exf3 26. Nxf3 Rd3 27. Qf4 Qc5+ 28. Kf1 Bd5 29. Ng5 Bc4 30. Qxf7+ Kh8 31. Qe8+ Bf8 32. Rxh5+ 1-0

[Event "UKR-ch"]
[Site "Simferopol"]
[Date "2003.11.04"]
[Round "1"]
[White "Mihalichenko, Vladimir"]
[Black "Smirnov, Igor"]
[Result "1-0"]
[WhiteElo "2265"]
[BlackElo "2446"]
[PlyCount "89"]
[EventDate "2003.11.04"]
[EventType "swiss"]
[EventRounds "9"]
[EventCountry "UKR"]
[SourceTitle "CBM 097 Extra"]
[Source "ChessBase"]
[SourceDate "2004.01.13"]
[SourceVersion "1"]
[SourceVersionDate "2004.01.13"]
[SourceQuality "1"]

1. e4 e6 2. d4 d5 3. Nd2 c5 4. exd5 Qxd5 5. Ngf3 cxd4 6. Bc4 Qd6 7. 0-0 Nf6 8. Nb3 Nc6 9. Nbxd4 Nxd4 10. Nxd4 a6 11. a4 Qc7 12. b3 Bd6 13. h3 0-0 14. Bb2 b6 15. Qe2 Bb7 16. Rad1 Rfe8 17. Rfe1 Bb4 18. Rf1 Nd5 19. Qg4 Bc3 20. Bxc3 Nxc3 21. Rd3 Ne4 22. Re1 Nf6 23. Qh4 h6 24. Rg3 Kh8 25. Nf3 Rad8 26. Ne5 Re7 27. Ree3 Rg8 28. Bd3 Ree8 29. Rg5 Rd8 30. Reg3 Nh7 31. Qf4 Rd7 32. Qxf7 Qxe5 33. Qxg8+ Kxg8 34. Rxe5 Nf8 35. Rge3 Kf7 36. Bc4 Rd6 37. Rd3 Rxd3 38. Bxd3 Nd7 39. Re3 Nc5 40. Bc4 a5 41. f3 Kf6 42. Kf2 e5 43. Re1 g5 44. Rd1 Ke7 45. h4 1-0

[Event "Kharkov Caissa CC-ch"]
[Site "Kharkov"]
[Date "2003.04.17"]
[Round "10"]
[White "Smougalev, Gennady"]
[Black "Mihalichenko, Vladimir"]
[Result "1-0"]
[WhiteElo "2342"]
[BlackElo "2276"]
[PlyCount "87"]
[EventDate "2003.04.08"]
[EventType "tourn"]
[EventRounds "11"]
[EventCountry "UKR"]
[EventCategory "3"]
[SourceTitle "CBM 093 Extra"]
[Source "ChessBase"]
[SourceDate "2003.05.09"]
[SourceVersion "1"]
[SourceVersionDate "2003.05.09"]
[SourceQuality "1"]

1. d4 Nf6 2. Nf3 e6 3. c4 b6 4. e3 Bb7 5. Bd3 Be7 6. 0-0 0-0 7. Nc3 d5 8. b3 c5 9. Bb2 Nc6 10. Rc1 cxd4 11. exd4 Bd6 12. Ne2 dxc4 13. bxc4 Nb4 14. Bb1 Bxf3 15. gxf3 Nh5 16. f4 Nxf4 17. Nxf4 Bxf4 18. Rc3 Qh4 19. Rg3 Bxg3 20. hxg3 Qh3 21. d5 Rad8 22. Qa4 a5 23. a3 Na6 24. Rd1 Nc5 25. Qc2 exd5 26. cxd5 Rfe8 27. Qc3 f6 28. Qf3 f5 29. Bxf5 Rf8 30. Qc3 Qh6 31. Qc2 Rxf5 32. Qxf5 Qg6 33. Qxg6 hxg6 34. Be5 Rd7 35. f4 b5 36. Kf2 Ne4+ 37. Ke3 Nf6 38. d6 Kf7 39. Kd4 Ke6 40. Kc5 b4 41. a4 Rd8 42. Bxf6 Rc8+ 43. Kb6 gxf6 44. d7 1-0

[Event "Kharkov Caissa CC-ch"]
[Site "Kharkov"]
[Date "2003.04.13"]
[Round "6"]
[White "Shalimov, Valery"]
[Black "Mihalichenko, Vladimir"]
[Result "1-0"]
[WhiteElo "2456"]
[BlackElo "2276"]
[PlyCount "69"]
[EventDate "2003.04.08"]
[EventType "tourn"]
[EventRounds "11"]
[EventCountry "UKR"]
[EventCategory "3"]
[SourceTitle "CBM 093 Extra"]
[Source "ChessBase"]
[SourceDate "2003.05.09"]
[SourceVersion "1"]
[SourceVersionDate "2003.05.09"]
[SourceQuality "1"]

1. d4 Nf6 2. Nf3 e6 3. c4 b6 4. a3 Bb7 5. Nc3 d5 6. Qa4+ c6 7. cxd5 exd5 8. Bg5 Be7 9. e3 0-0 10. Be2 Nbd7 11. 0-0 a5 12. Rfd1 b5 13. Qc2 a4 14. Bd3 h6 15. Bf4 Qb6 16. h3 Rfd8 17. Rdc1 Nf8 18. Ne2 Ne6 19. Be5 Nd7 20. Bh7+ Kh8 21. Bf5 c5 22. dxc5 Ndxc5 23. Ned4 Rac8 24. Bxe6 Nxe6 25. Qf5 Nxd4 26. Nxd4 f6 27. Qg6 Bf8 28. Nf5 Rd7 29. Rxc8 Bxc8 30. Rc1 Qd8 31. Bf4 Rb7 32. Nd4 Bd7 33. Qf7 Qe8 34. Qxe8 Bxe8 35. Rc8 1-0

[Event "Kharkov Caissa CC-ch"]
[Site "Kharkov"]
[Date "2003.04.12"]
[Round "5"]
[White "Mihalichenko, Vladimir"]
[Black "Kovalenko, Nikolai"]
[Result "1/2-1/2"]
[WhiteElo "2276"]
[BlackElo "2207"]
[PlyCount "30"]
[EventDate "2003.04.08"]
[EventType "tourn"]
[EventRounds "11"]
[EventCountry "UKR"]
[EventCategory "3"]
[SourceTitle "CBM 093 Extra"]
[Source "ChessBase"]
[SourceDate "2003.05.09"]
[SourceVersion "1"]
[SourceVersionDate "2003.05.09"]
[SourceQuality "1"]

1. e4 c5 2. Nf3 d6 3. d4 cxd4 4. Nxd4 Nf6 5. Nc3 g6 6. Be3 Bg7 7. f3 0-0 8. Qd2 Nc6 9. Bc4 Bd7 10. 0-0-0 Rc8 11. Bb3 Ne5 12. h4 Nc4 13. Bxc4 Rxc4 14. h5 Nxh5 15. g4 Nf6 1/2-1/2

[Event "Kharkov Caissa op"]
[Site "Kharkov"]
[Date "2003.01.29"]
[Round "8"]
[White "Mihalichenko, Vladimir"]
[Black "Onoprienko, Vladimir"]
[Result "1-0"]
[WhiteElo "2230"]
[BlackElo "2418"]
[PlyCount "85"]
[EventDate "2003.01.21"]
[EventType "swiss"]
[EventRounds "9"]
[EventCountry "UKR"]
[SourceTitle "CBM 092 Extra"]
[Source "ChessBase"]
[SourceDate "2003.03.07"]
[SourceVersion "1"]
[SourceVersionDate "2003.03.07"]
[SourceQuality "1"]

1. e4 c5 2. Nf3 g6 3. d4 cxd4 4. Nxd4 Bg7 5. c4 Nc6 6. Be3 Nf6 7. Nc3 0-0 8. Be2 b6 9. 0-0 Bb7 10. f3 e6 11. Qd2 d5 12. cxd5 exd5 13. Nxc6 Bxc6 14. e5 Nd7 15. f4 Nc5 16. Rad1 Ne4 17. Qd4 Nxc3 18. bxc3 Qe7 19. Bf3 Rfd8 20. Qd2 Bb5 21. Rf2 Rac8 22. Bd4 Bc4 23. Bg4 Rc6 24. Re1 Qh4 25. Bh3 Bh6 26. Qe3 Qe7 27. Qg3 Re8 28. f5 Bg5 29. Qf3 f6 30. e6 Rf8 31. g3 b5 32. Bg4 h5 33. Bh3 b4 34. fxg6 bxc3 35. Qxh5 Rc7 36. Bf5 Bd2 37. Qh7+ Qxh7 38. gxh7+ Kg7 39. e7 Re8 40. Bxf6+ Kxf6 41. Bd7+ Kg7 42. Bxe8 Kxh7 43. Bg6+ 1-0

[Event "Kharkov Caissa op"]
[Site "Kharkov"]
[Date "2003.01.28"]
[Round "7"]
[White "Vasilyev, Mikhail"]
[Black "Mihalichenko, Vladimir"]
[Result "0-1"]
[WhiteElo "2363"]
[BlackElo "2230"]
[PlyCount "88"]
[EventDate "2003.01.21"]
[EventType "swiss"]
[EventRounds "9"]
[EventCountry "UKR"]
[SourceTitle "CBM 092 Extra"]
[Source "ChessBase"]
[SourceDate "2003.03.07"]
[SourceVersion "1"]
[SourceVersionDate "2003.03.07"]
[SourceQuality "1"]

1. e4 c5 2. Nf3 d6 3. Bc4 Nf6 4. d3 a6 5. Bb3 Nc6 6. c3 g6 7. 0-0 Bg7 8. h3 0-0 9. Nbd2 b5 10. Re1 Bb7 11. Nf1 a5 12. a4 b4 13. Be3 Nd7 14. Qd2 Ba6 15. Bh6 bxc3 16. bxc3 Nde5 17. Bd5 Nxf3+ 18. gxf3 Ne5 19. Nh2 Rb8 20. Bxg7 Kxg7 21. Re3 e6 22. Ba2 Qh4 23. d4 Nc4 24. Bxc4 Bxc4 25. Kg2 Rb6 26. Ree1 Rfb8 27. Rec1 h5 28. Rc2 e5 29. d5 Ba6 30. Rh1 Qf4 31. Qe3 Rb2 32. Rhc1 Rxc2 33. Rxc2 Rb1 34. Rd2 Kf6 35. Rc2 Bc4 36. Rd2 Ke7 37. h4 Qxh4 38. Rc2 Qf4 39. Qd2 Kd7 40. Rb2 Qxd2 41. Rxd2 Ra1 42. f4 exf4 43. Rb2 Kc7 44. Nf3 Rxa4 0-1

[Event "Kharkov Caissa op"]
[Site "Kharkov"]
[Date "2003.01.23"]
[Round "3"]
[White "Poluektov, Yury1111"]
[Black "Mihalichenko, Vladimir"]
[Result "1/2-1/2"]
[WhiteElo "2282"]
[BlackElo "2230"]
[PlyCount "76"]
[EventDate "2003.01.21"]
[EventType "swiss"]
[EventRounds "9"]
[EventCountry "UKR"]
[SourceTitle "CBM 092 Extra"]
[Source "ChessBase"]
[SourceDate "2003.03.07"]
[SourceVersion "1"]
[SourceVersionDate "2003.03.07"]
[SourceQuality "1"]

1. d4 Nf6 2. c4 e6 3. Nf3 b6 4. g3 Ba6 5. b3 b5 6. cxb5 Bxb5 7. Bg2 c5 8. 0-0 d5 9. Nc3 Ba6 10. Ba3 Qa5 11. Na4 Nbd7 12. Rc1 Bb5 13. Bxc5 Nxc5 14. Nxc5 Qxa2 15. Rc2 Qa5 16. Qa1 Qb6 17. Rfc1 Bd6 18. Na4 Qd8 19. Nc3 a6 20. Ne5 0-0 21. Na4 Nd7 22. Nxd7 Bxd7 23. Nc5 Bb5 24. Nb7 Qb6 25. Nxd6 Qxd6 26. Qa5 h6 27. e3 Rfb8 28. Bf3 Qf8 29. Rc7 Rc8 30. R7c5 Rxc5 31. Rxc5 Rc8 32. Qc3 Rxc5 33. dxc5 Qa8 34. Qa5 Qc6 35. Qd8+ Kh7 36. Qe7 Kg8 37. Qd8+ Kh7 38. Qe7 Kg8 1/2-1/2